000 00501nam a2200169Ia 4500
003 GCL
008 140319s9999 xx 000 0 ara d
040 _aGCL /
_cGCL
082 0 4 _a811.074
_bم ع
100 1 _aمبارك وساط
245 1 0 _aعلى درج المياه العميقة: شعر /
_cمبارك وساط
260 _a[S.N] :
_bدار توبقال للنشر ،
_c1990
300 _a63 ص
490 _aنصوص ادبية
_v0
650 0 4 _aالشعر العربى
942 _2ddc
_cBK
999 _c36809
_d36809